| 000 | 00874nmc a2200301 a 4500 | ||
|---|---|---|---|
| 003 | AR-BaBNM | ||
| 005 | 20251128205059.0 | ||
| 008 | 011101s1994 ||||||||||||||000 | spa|| | ||
| 020 | _a950-602-295-X | ||
| 040 | _cAR-BaBNM | ||
| 100 | 1 | _aZolo, Danilo | |
| 245 | 1 | 0 |
_aDemocracia y complejidad _bun enfoque realista |
| 260 |
_aBuenos Aires _bNueva Visión _c1994 |
||
| 300 | _a250 p. | ||
| 490 | 0 | _aCultura y sociedad | |
| 500 | _aLa obra expresa de manera erudita el debate contemporáneo acerca de la democracia | ||
| 504 | _aBibliografía: p. 231-247 | ||
| 650 | 4 | _aCIENCIAS POLITICAS | |
| 650 | 4 | _aDEMOCRACIA | |
| 650 | 4 | _aCAMBIO SOCIAL | |
| 650 | 4 | _aTEORIA POLITICA | |
| 650 | 4 | _aSOCIEDAD DE MASAS | |
| 650 | 4 | _aSOCIOLOGIA POLITICA | |
| 700 | 1 |
_aPons, Horacio _etraductor |
|
| 800 | 1 |
_aAltamirano, Carlos _edirector |
|
| 942 | _cBK | ||
| 998 | _cEnrique | ||
| 999 |
_c9907 _d9907 |
||